000 00488 a2200145 4500
020 _a8130900394
020 _a9788130900391
082 _a530
090 _c499
_d499
100 1 _aKakani, S.L. and Shubhra.
245 1 0 _aModern physics /
_cS.L. Kakani and Shubhra Kakani.
260 _a[S.l.] :
_bViva Books,
_c2006.
942 _aSNS
_cBK
_k530 KAK
999 _c29130
_d29130